| 000 | 00000nas 2200000zi 4500 |
| 001 | 9.871615 |
| 003 | CaOODSP |
| 005 | 20221107163433 |
| 006 | m o d f |
| 007 | cr ||||||||||| |
| 008 | 190415d19851991oncuu p or f0###a0fre|d |
| 022 | |y0838-9837 |
| 040 | |aCaOODSP|bfre|erda|cCaOODSP |
| 043 | |an-cn--- |
| 086 | 1 |aC2-90F-PDF |
| 245 | 03|aLe répertoire des produits médicaux canadiens. |
| 264 | 1|aOttawa, Ontario : |bDivision des produits d'hygiène, Transformation des richesses naturelles, Ministère de l'expansion industrielle régionale, |c1985-[1991]. |
| 310 | |aTriennal |
| 336 | |atexte|btxt|2rdacontent/fre |
| 337 | |ainformatique|bc|2rdamedia/fre |
| 338 | |aressource en ligne|bcr|2rdacarrier/fre |
| 362 | 1 |aNe paraît plus après 1991? |
| 500 | |aTitre pris sur la couverture. |
| 500 | |aLégères variante dans le titre. |
| 500 | |aÉdition numérisée de l’imprimé [par Innovation, sciences et développement économique Canada]. |
| 500 | |aPublié aussi en anglais sous le titre : Canadian medical device directory. |
| 520 | 2 |a« Le Répertoire des produits médicaux canadiens (RPMC) de 1985 se veut un guide de référence complet sur les sources de produits de fabrication canadienne à l'intention des acheteurs de matériel et de fournitures d'hygiène. Les renseignements qui y figurent ont été recueillis grâce àun sondage auprès des fabricants canadiens de produits médicaux. ... Le RPMC a été simplifié par rapport à son prédécesseur, le répertoire des produits d'hygiène fabriqués au Canada, et la liste s'est allongée. On y retrouve maintenant près de 400 noms de fabricants et plus de 1 200 descriptions génériques. » -- Introduction, 1985. |
| 550 | |aVariantes dans l'adresse bibliographique : 1988 par la Direction de la biotechnologie et des produits d'hygiène. |
| 692 | 07|2gccst|aProduit médical |
| 692 | 07|2gccst|aIndustrie des produits médicaux |
| 692 | 07|2gccst|aRépertoire |
| 710 | 1 |aCanada. |bMinistère de l'expansion industrielle régionale. |
| 710 | 1 |aCanada. |bIndustrie, sciences et technologie Canada. |
| 775 | 08|tCanadian medical device directory.|w(CaOODSP)9.871612 |